01975cam a22004094i 4500003000900000005001700009008004100026035002000067040003300087100003100120245023300151264001000384300002200394336002100416337002500437338002300462502005900485504002400544520076200568526001001330526001001340526000901350526000901359526000901368526000901377526000901386526000901395526000901404526000801413526000801421526000801429526000801437526000801445650003801453650003101491700004301522PE-LiUPU20250731165410.0151021s2002 pe a grm 000 0 spa d a(Sirsi) a155012 aPE-LiUPUbspacPE-LiUPUerda1 aMamani Checya, Fanyeautor1 aDiagnóstico situacional: Medidas preventivas aplicadas por agricultores y actividades de prevención primaria que realiza el profesional de salud frente al uso de plaguicidas, Valle Chillón, Lima-2002 /cFany Mamani Checya. 0c2002. a149 hojas c30 cm atext2rdacontent aunmediated2rdamedia avolume2rdacarrier aTesisb(Lic.) -- cUniversidad Peruana Unión,d2002. aIncluye referencias3 aEl trabajo de investigación presenta el diagnostico situacional sobre medidas preventivas que aplican los agricultores y las actividades que realiza el profesional de salud frente uso de plaguicidas en el valle del Río Chillón. Los objetivos específicos son determinar las características generales que presentan los agricultores, identificar los plaguicidas según grado de peligrosidad. Asimismo las medidas preventivas que aplican los agricultores, las actividades de prevención primaria que realiza el profesional de salud; y por ultimo determinar la relación que existe entre las medidas preventivas que aplican los agricultores y las actividades de prevención primaria que realiza el profesional de salud frente al uso de plaguicidas. aSEG44 aSEG26 aP151 aP150 aP149 aP146 aP145 aP126 aP125 aP92 aP75 aP74 aP27 aP1504aPesticidasxAspectos ambientales.04aPesticidasxToxicología.1 aMerjildo Tinoco, Denice Rocíoeautor